OPAC Home

How successful is Samurdhi's savings credit programme in reaching the poor in Sri Lanka (Record no. 119344)

MARC details
000 -LEADER
fixed length control field 00521nam a2200181Ia 4500
003 - CONTROL NUMBER IDENTIFIER
control field LK-CoDNM
008 - FIXED-LENGTH DATA ELEMENTS--GENERAL INFORMATION
fixed length control field 010623t1999 xxu||||| |||| 00| 1 eng d
040 ## - CATALOGING SOURCE
Original cataloging agency LK-CoDNM
Modifying agency LK-CoDNM
Description conventions LK-CoDNM
041 ## - LANGUAGE CODE
Language code of text/sound track or separate title English
080 ## - UNIVERSAL DECIMAL CLASSIFICATION NUMBER
Universal Decimal Classification number 36
Item number GUN
942 ## - ADDED ENTRY ELEMENTS (KOHA)
Koha item type Books
100 ## - MAIN ENTRY--PERSONAL NAME
Personal name Gunatilaka, Ramani
700 ## - ADDED ENTRY--PERSONAL NAME
Personal name Salih, Rozana
245 ## - TITLE STATEMENT
Title How successful is Samurdhi's savings credit programme in reaching the poor in Sri Lanka
260 ## - PUBLICATION, DISTRIBUTION, ETC. (IMPRINT)
Name of publisher, distributor, etc. Institute of policy studies
Place of publication, distribution, etc. Colombo 03
Date of publication, distribution, etc. 1999
300 ## - PHYSICAL DESCRIPTION
Other physical details (ii), 37 cm
500 ## - GENERAL NOTE
General note No. 3
Holdings
Withdrawn status Lost status Damaged status Not for loan Collection code Permanent Location Current Location Date acquired Full call number Barcode Koha item type
        Monographs Library National Museum Colombo - Sri Lanka Library National Museum Colombo - Sri Lanka 2023-08-02 36 GUN 2001-P25626393 Books
Copyright © 2023 Department of National Museum, Colombo 07, Sri Lanka Funded by UNESCO IFAP UNESCO